[Event "TCh-CHN 2018"]
[Site "China CHN"]
[Date "2018.07.12"]
[Round "10.6"]
[Board "2"]
[White "Wang, Yue"]
[Black "Lu, Shanglei"]
[Result "1/2-1/2"]
[WhiteTitle "GM"]
[BlackTitle "GM"]
[WhiteElo "2683"]
[BlackElo "2636"]
[WhiteTeam "Tianjin Team"]
[BlackTeam "Zhejiang Chess Team"]
[WhiteFideId "8601429"]
[BlackFideId "8603332"]
[EventDate "2018.04.11"]

1. d4 e6 2. c4 d5 3. Nf3 Nf6 4. Nc3 dxc4 5. e3 a6 6. a4 c5 7. Bxc4 Nc6 8. O-O
Be7 9. Qe2 cxd4 10. Rd1 e5 11. exd4 exd4 12. Nxd4 Nxd4 13. Qe5 Qd6 14. Qxd6 Bxd6
15. Rxd4 Bc5 16. Rd3 O-O 17. Be3 Bxe3 18. Rxe3 Bd7 19. Nd5 Rfe8 20. Nxf6+ gxf6
21. Rg3+ Kf8 22. Bd3 h6 23. Rf3 Kg7 24. Rf4 Rad8 25. Be4 Bxa4 26. Bxb7 Rd1+ 27.
Rxd1 Bxd1 28. h4 Rb8 29. Bxa6 Rxb2 30. Kh2 Be2 1/2-1/2

[Event "TCh-CHN 2018"]
[Site "China CHN"]
[Date "2018.07.12"]
[Round "10.6"]
[Board "3"]
[White "Dai, Changren"]
[Black "Gordievsky, Dmitry"]
[Result "0-1"]
[WhiteTitle "IM"]
[BlackTitle "GM"]
[WhiteElo "2464"]
[BlackElo "2614"]
[WhiteTeam "Tianjin Team"]
[BlackTeam "Zhejiang Chess Team"]
[WhiteFideId "8608156"]
[BlackFideId "24112798"]
[EventDate "2018.04.11"]

1. e4 c5 2. Nf3 e6 3. d4 cxd4 4. Nxd4 a6 5. c4 Nf6 6. Nc3 Qc7 7. a3 b6 8. Be3
Bb7 9. f3 d6 10. Be2 Be7 11. O-O O-O 12. Rc1 Nbd7 13. b4 Rfc8 14. Qe1 Qd8 15.
Qf2 Rab8 16. Rfd1 Qf8 17. Na4 Ba8 18. Nb3 Bd8 19. Nc3 Bc7 20. Bd4 h6 21. Bf1 Qe7
22. Kh1 Kh8 23. Re1 Qf8 24. Red1 Re8 25. Re1 g5 26. Ne2 Qg7 27. Ng3 Qg6 28. Qb2
Rg8 29. Rcd1 Rg7 30. Bd3 Ne5 31. c5 Nfd7 32. cxd6 Bxd6 33. Bxa6 Rbg8 34. Bc3 Bb8
35. Bb5 f6 36. Nd4 Nf8 37. Qb3 Re7 38. Nc2 Bc7 39. Qa4 Nh7 40. Nd4 h5 41. Nc6
Bxc6 42. Bxc6 h4 43. Ne2 h3 44. Bxe5 hxg2+ 45. Kxg2 Bxe5 46. Qb3 Qh6 47. Ng3 Nf8
48. Rd8 Rh7 49. Nf1 g4 50. Kf2 Qh3 51. Ke2 gxf3+ 52. Qxf3 Rg2+ 53. Ke3 Bf4+ 54.
Kd4 0-1

[Event "TCh-CHN 2018"]
[Site "China CHN"]
[Date "2018.07.12"]
[Round "10.6"]
[Board "4"]
[White "Ding, Yixin"]
[Black "Khotenashvili, Bela"]
[Result "1/2-1/2"]
[WhiteTitle "WGM"]
[BlackTitle "GM"]
[WhiteElo "2429"]
[BlackElo "2477"]
[WhiteTeam "Zhejiang Chess Team"]
[BlackTeam "Tianjin Team"]
[WhiteFideId "8602972"]
[BlackFideId "13602640"]
[EventDate "2018.04.11"]

1. e4 e5 2. Nc3 Nf6 3. g3 d5 4. exd5 Nxd5 5. Bg2 Nxc3 6. bxc3 Nc6 7. Nf3 Bc5 8.
O-O O-O 9. d3 Bg4 10. Qe1 Re8 11. Qe4 Bh5 12. Ng5 Bg6 13. Qc4 Be7 14. Ne4 Na5
15. Qa4 c6 16. c4 f5 17. Nd2 Bf7 18. Rb1 e4 19. Bb2 Nxc4 20. Nxc4 b5 21. Qa6
bxc4 22. dxe4 Qb6 23. Qxb6 axb6 24. exf5 Rec8 25. Ra1 b5 26. a3 Ra4 27. Rfe1 Bf8
28. h3 h5 29. Bf3 h4 30. g4 Bd5 31. Bxd5+ cxd5 32. Rad1 Rd8 33. Re5 Bxa3 34.
Bxa3 Rxa3 35. Rexd5 Rxd5 36. Rxd5 Rxh3 37. Rxb5 Rc3 38. Rb2 Kf7 39. g5 Rf3 40.
Rb7+ Kf8 41. Rb5 Rc3 42. Rb2 Rf3 43. Rb5 Rc3 44. Rb2 1/2-1/2

[Event "TCh-CHN 2018"]
[Site "China CHN"]
[Date "2018.07.12"]
[Round "10.6"]
[Board "5"]
[White "Zhu, Jiner"]
[Black "Chu, Ruotong"]
[Result "1-0"]
[WhiteTitle "WIM"]
[BlackTitle "WIM"]
[WhiteElo "2379"]
[BlackElo "2261"]
[WhiteTeam "Zhejiang Chess Team"]
[BlackTeam "Tianjin Team"]
[WhiteFideId "8608059"]
[BlackFideId "8605653"]
[EventDate "2018.04.11"]

1. e4 e6 2. d4 d5 3. Bd3 c5 4. exd5 Qxd5 5. Nc3 Qxd4 6. Nb5 Qd8 7. Bf4 Na6 8.
Qf3 Nf6 9. O-O-O Nd5 10. Bc4 Qb6 11. Nc3 Nxc3 12. Qxc3 f6 13. Nf3 Kf7 14. g4 Qb4
15. Qd3 b5 16. Ng5+ fxg5 17. Qf5+ Ke8 18. Bxg5 Be7 19. Bxe6 Bxg5+ 20. Qxg5 Bxe6
21. Rhe1 Kf8 22. Rxe6 Nc7 23. Rd7 1-0

[Event "TCh-CHN 2018"]
[Site "China CHN"]
[Date "2018.07.13"]
[Round "11.1"]
[Board "1"]
[White "Lu, Shanglei"]
[Black "Li, Shilong"]
[Result "1-0"]
[WhiteTitle "GM"]
[BlackTitle "GM"]
[WhiteElo "2636"]
[BlackElo "2498"]
[WhiteTeam "Zhejiang Chess Team"]
[BlackTeam "Guangdong Ding Xin High Tech Team"]
[WhiteFideId "8603332"]
[BlackFideId "8600678"]
[EventDate "2018.04.11"]

1. e4 e5 2. Nf3 Nc6 3. Bb5 a6 4. Ba4 Nf6 5. O-O Be7 6. Re1 b5 7. Bb3 d6 8. c3
O-O 9. a4 Bg4 10. d3 Na5 11. Bc2 c5 12. Nbd2 Qb6 13. Nf1 b4 14. Ne3 b3 15. Nxg4
Nxg4 16. Bb1 Rfb8 17. h3 Nf6 18. d4 Rd8 19. Bd3 exd4 20. cxd4 c4 21. Bf1 c3 22.
Qd3 c2 23. Bd2 Rdb8 24. e5 dxe5 25. dxe5 Ne8 26. Qd5 Bb4 27. Bxb4 Qxb4 28. e6
Nf6 29. exf7+ Kf8 30. Qf5 Nc6 31. Ng5 Nd4 32. Nxh7+ Kxf7 33. Ng5+ Kg8 34. Qg6
Re8 35. Ne4 Ne2+ 36. Rxe2 Nxe4 37. Rc1 Nf6 38. Qd3 Red8 39. Qf3 Rac8 40. Re3 Qd2
41. Ree1 Qd5 42. Qg3 Re8 43. Re3 Rxe3 44. Qxe3 Kf8 45. Bxa6 Re8 46. Qd3 Qe5 47.
Rf1 Qxb2 48. Qd6+ Re7 49. Re1 Ne4 50. Rxe4 c1=Q+ 51. Kh2 Qf6 52. Qd8+ Kf7 53.
Bc4+ Kg6 54. Rg4+ Kh7 55. Qg8+ 1-0

[Event "TCh-CHN 2018"]
[Site "China CHN"]
[Date "2018.07.13"]
[Round "11.1"]
[Board "2"]
[White "Lan, Zilun"]
[Black "Zhao, Chenxi"]
[Result "0-1"]
[WhiteElo "2333"]
[BlackElo "2328"]
[WhiteTeam "Zhejiang Chess Team"]
[BlackTeam "Guangdong Ding Xin High Tech Team"]
[WhiteFideId "8604193"]
[BlackFideId "8611513"]
[EventDate "2018.04.11"]

1. d4 Nf6 2. Nf3 b6 3. Bf4 Bb7 4. e3 g6 5. h3 Bg7 6. Bc4 O-O 7. O-O d6 8. Qe2
Nbd7 9. Rd1 e6 10. Nc3 Ne4 11. Nxe4 Bxe4 12. Ba6 Qe7 13. Bg3 Rad8 14. c3 Nf6 15.
a4 Bc6 16. Bh4 Qe8 17. Bb5 a5 18. e4 Ra8 19. e5 Nd5 20. c4 Nb4 21. Ng5 Bxb5 22.
axb5 d5 23. cxd5 Nxd5 24. Ne4 a4 25. Rdc1 Ra5 26. Rc6 Qd7 27. Qc4 Rfa8 28. Ra3
h6 29. Kh2 R8a7 30. Bg3 Ne7 31. Nc3 Nxc6 32. bxc6 Qc8 33. Ne4 Qd8 34. Bf4 Qd5
35. Qc2 Rb5 36. Rg3 Qxd4 37. Rd3 Rxb2 38. Rxd4 Rxc2 39. Rd8+ Kh7 40. Nf6+ Bxf6
41. exf6 g5 42. Be5 Rc5 43. Ba1 e5 0-1

[Event "TCh-CHN 2018"]
[Site "China CHN"]
[Date "2018.07.13"]
[Round "11.1"]
[Board "3"]
[White "Gordievsky, Dmitry"]
[Black "Xu, Yinglun"]
[Result "1/2-1/2"]
[WhiteTitle "GM"]
[BlackTitle "GM"]
[WhiteElo "2614"]
[BlackElo "2531"]
[WhiteTeam "Zhejiang Chess Team"]
[BlackTeam "Guangdong Ding Xin High Tech Team"]
[WhiteFideId "24112798"]
[BlackFideId "8604940"]
[EventDate "2018.04.11"]

1. c4 e6 2. Nc3 d5 3. d4 Be7 4. cxd5 exd5 5. Bf4 c6 6. e3 Bf5 7. Nge2 Nd7 8. Ng3
Bg6 9. Be2 Ngf6 10. h4 h5 11. Bd3 Bxd3 12. Qxd3 g6 13. f3 Nb6 14. Nge2 Nfd7 15.
e4 dxe4 16. fxe4 Bxh4+ 17. g3 Bg5 18. O-O-O Qe7 19. Qf3 Bxf4+ 20. gxf4 O-O-O 21.
e5 Kb8 22. Kb1 Qe6 23. Ne4 Nd5 24. Rdf1 f5 25. Ng5 Qe7 26. e6 N7f6 27. Nc1 Rhe8
28. Re1 Rd6 29. Nd3 Ne4 30. Nxe4 fxe4 31. Rxe4 Nf6 32. Re5 Ng4 33. Rg5 Rxe6 34.
Ne5 Nxe5 35. dxe5 Rf8 36. Qe4 Qf6 37. exf6 Rxe4 38. Rxg6 Rxf4 39. Rxh5 R4xf6 40.
Rxf6 Rxf6 41. Kc2 Kc7 42. a4 Rf2+ 43. Kc3 Kb6 44. a5+ Ka6 45. b4 Rf6 46. Kc4 Rd6
47. Rh4 Rd1 48. Rh7 Rc1+ 49. Kb3 Rg1 50. Kc4 Rg5 51. Rf7 Rg4+ 52. Kb3 Rg3+ 53.
Kc4 1/2-1/2

[Event "TCh-CHN 2018"]
[Site "China CHN"]
[Date "2018.07.13"]
[Round "11.1"]
[Board "4"]
[White "Gong, Qianyun"]
[Black "Ding, Yixin"]
[Result "1/2-1/2"]
[WhiteTitle "WGM"]
[BlackTitle "WGM"]
[WhiteElo "2312"]
[BlackElo "2429"]
[WhiteTeam "Guangdong Ding Xin High Tech Team"]
[BlackTeam "Zhejiang Chess Team"]
[WhiteFideId "8602425"]
[BlackFideId "8602972"]
[EventDate "2018.04.11"]

1. d4 Nf6 2. Bf4 b6 3. e3 Bb7 4. Nf3 g6 5. h3 Bg7 6. Be2 d6 7. c4 Ne4 8. O-O O-O
9. Nbd2 e5 10. Bh2 Nxd2 11. Qxd2 exd4 12. exd4 Nd7 13. Rac1 a5 14. b3 h6 15.
Rfd1 Qf6 16. Bf4 g5 17. Be3 Qg6 18. Bd3 Be4 19. Bxe4 Qxe4 20. Re1 Qg6 21. c5
dxc5 22. dxc5 Rfd8 23. cxb6 Nxb6 24. Qe2 Nd5 25. Bd2 Qb6 26. Qc4 Rd6 27. Ne5 Re8
28. Qa4 Rde6 29. Nc4 Rxe1+ 30. Rxe1 Rxe1+ 31. Bxe1 Qe6 32. Qxa5 Bd4 33. Kf1 Nf4
34. Qa8+ Kg7 35. Qf3 Qf5 36. Nd2 Qb5+ 37. Kg1 Ne2+ 38. Kh1 Nc3 39. Nc4 Nxa2 40.
Bd2 Nb4 41. Bc3 Qc5 42. Bxd4+ Qxd4 43. Ne3 Qa1+ 44. Kh2 Qe5+ 45. g3 Kg6 46. Ng4
Qd4 47. Qa8 Kg7 48. Qb7 Qc5 49. Qf3 Qc6 50. Qf5 Qe6 51. Qc5 Nd5 52. Qd4+ f6 53.
Qc4 Qf5 54. Qe2 h5 55. Ne3 Nxe3 56. Qxe3 1/2-1/2

[Event "TCh-CHN 2018"]
[Site "China CHN"]
[Date "2018.07.13"]
[Round "11.1"]
[Board "5"]
[White "Li, Xueyi"]
[Black "Zhu, Jiner"]
[Result "1-0"]
[BlackTitle "WIM"]
[WhiteElo "2187"]
[BlackElo "2379"]
[WhiteTeam "Guangdong Ding Xin High Tech Team"]
[BlackTeam "Zhejiang Chess Team"]
[WhiteFideId "8605912"]
[BlackFideId "8608059"]
[EventDate "2018.04.11"]

1. d4 Nf6 2. c4 e6 3. g3 d5 4. Bg2 dxc4 5. Nf3 Nc6 6. O-O Rb8 7. Nc3 a6 8. e4
Be7 9. d5 exd5 10. e5 Ne4 11. Nxd5 Be6 12. Nxe7 Qxd1 13. Rxd1 Kxe7 14. Be3 f5
15. exf6+ gxf6 16. Nd4 Nxd4 17. Bxe4 Nf5 18. Ba7 Ra8 19. Bc5+ Kf7 20. Rac1 Rad8
21. Rxd8 Rxd8 22. Bxb7 a5 23. Bf3 Rd2 24. Bh5+ Kg7 25. Re1 Bd5 26. Rd1 Rd3 27.
Be2 Rxd1+ 28. Bxd1 c3 29. bxc3 Bxa2 30. Ba4 Kf7 31. Bc2 Ke6 32. g4 Kd5 33. Ba3
Nd6 34. Bxh7 Nb5 35. Bb2 Bc4 36. Bc2 Be2 37. Bb3+ Ke4 38. Ba4 Nd6 39. c4 Nxc4
40. Bxf6 Bxg4 41. Bd8 c5 42. Bb5 Be6 43. Kg2 Kf4 44. Bc7+ Kg5 45. Kg3 Na3 46.
h4+ Kh6 47. Ba4 c4 48. Bxa5 Bf5 49. Bd2+ Kg6 50. Kf4 Nb1 51. Be3 Bd3 52. Be8+
Kh7 53. Kg5 Nc3 54. Bc6 Nd1 55. Bb5 Nc3 56. Ba6 Nd1 57. Bd4 Be2 58. Bb5 Kg8 59.
Ba4 c3 60. Bb3+ Kf8 61. Bc2 Nb2 62. Bxc3 Bd3 63. Bb3 Nc4 64. h5 Kg8 65. f4 Kh7
66. Be5 Nd2 67. Bf7 Ne4+ 68. Kg4 Nc5 69. f5 Be2+ 70. Kh4 Nd3 71. Bg6+ Kh6 72.
Bc3 Nc5 73. Bd2+ Kg7 74. h6+ 1-0

[Event "TCh-CHN 2018"]
[Site "China CHN"]
[Date "2018.07.13"]
[Round "11.2"]
[Board "1"]
[White "Ma, Qun"]
[Black "Li, Yankai"]
[Result "1/2-1/2"]
[WhiteTitle "GM"]
[WhiteElo "2620"]
[BlackElo "2427"]
[WhiteTeam "Hangzhou Bank Team"]
[BlackTeam "Tianjin Team"]
[WhiteFideId "8603154"]
[BlackFideId "8609357"]
[EventDate "2018.04.11"]

1. e4 c5 2. Nf3 d6 3. Bb5+ Bd7 4. c4 Nf6 5. Nc3 g6 6. d4 cxd4 7. Nxd4 Bg7 8. Be3
Nc6 9. Bxc6 bxc6 10. f3 Rb8 11. b3 Qa5 12. Rc1 O-O 13. O-O Rfd8 14. Qd2 Qa6 15.
Rfd1 e5 16. Nde2 Be6 17. Bg5 Rd7 18. Qe3 Ne8 19. Rd3 f5 20. Rcd1 f4 21. Qd2 h6
22. Bh4 g5 23. Bf2 Rbd8 24. h3 Nf6 25. Na4 Bxc4 26. bxc4 Qxa4 27. Qc1 c5 28. Ra3
Qc6 29. Nc3 Rb8 30. Qc2 Kf7 31. Rb3 Rbb7 32. Rdb1 Bf8 33. Qb2 Rxb3 34. Qxb3 Be7
35. Nd5 Qc8 36. Be1 Nxd5 37. exd5 Kf6 38. Bc3 Bd8 39. a4 Rg7 40. Qb5 Qd7 41. Kf2
h5 42. Qxd7 Rxd7 43. Ke2 Kf5 44. Kd3 Rg7 45. Rb8 Bf6 46. Rf8 g4 47. Be1 gxf3 48.
gxf3 Kg6 49. Ke4 Rb7 50. Rg8+ Kf7 51. Ra8 Kg6 52. Rg8+ Kf7 53. Ra8 Kg6 54. Rg8+ 1/2-1/2

[Event "TCh-CHN 2018"]
[Site "China CHN"]
[Date "2018.07.13"]
[Round "11.2"]
[Board "2"]
[White "Jakovenko, Dmitry"]
[Black "Wang, Yue"]
[Result "1/2-1/2"]
[WhiteTitle "GM"]
[BlackTitle "GM"]
[WhiteElo "2735"]
[BlackElo "2683"]
[WhiteTeam "Hangzhou Bank Team"]
[BlackTeam "Tianjin Team"]
[WhiteFideId "4122356"]
[BlackFideId "8601429"]
[EventDate "2018.04.11"]

1. e4 e5 2. Nf3 Nf6 3. Nxe5 d6 4. Nf3 Nxe4 5. Nc3 Nxc3 6. dxc3 Be7 7. Be3 Nc6 8.
Qd2 Be6 9. O-O-O Qd7 10. Kb1 Bf6 11. h4 O-O-O 12. Nd4 Nxd4 13. Bxd4 Be5 14. Qe3
Qa4 15. b3 Qa5 16. Bd3 Bxd4 17. Qxd4 Rdg8 18. Kb2 Qc5 19. Qf4 h6 20. Rde1 a6 21.
Be4 Kb8 22. Qf3 d5 23. Bf5 d4 24. Bxe6 fxe6 25. Re2 Rf8 26. cxd4 Qxd4+ 27. Qc3
Qxc3+ 28. Kxc3 Rf6 29. f3 Kc8 30. Rhe1 Rg6 31. Rd1 Rd8 32. Rxd8+ Kxd8 33. Kd4
Rf6 34. Ke4 Rf5 35. c4 Ke7 36. g4 Rc5 37. Kd4 Rc6 38. c5 b6 39. Re5 bxc5+ 40.
Rxc5 Rd6+ 41. Ke4 Kd7 42. h5 Rd2 43. Ra5 Rd6 44. Ra4 Rb6 45. Kd3 Ke7 46. Kc3 Kd6
47. Rd4+ Ke7 48. Rb4 Rd6 49. Rc4 Kd7 50. Rd4 Rd5 51. Kc4 c6 52. Kc3 Kd6 53. Ra4
a5 54. b4 axb4+ 55. Rxb4 Ra5 56. a4 e5 57. Kd3 Ra7 58. Ke4 Ke6 59. Rc4 c5 60.
Rxc5 Rxa4+ 61. Ke3 1/2-1/2

[Event "TCh-CHN 2018"]
[Site "China CHN"]
[Date "2018.07.13"]
[Round "11.2"]
[Board "3"]
[White "Gao, Rui"]
[Black "Malakhov, Vladimir"]
[Result "1/2-1/2"]
[WhiteTitle "GM"]
[BlackTitle "GM"]
[WhiteElo "2546"]
[BlackElo "2654"]
[WhiteTeam "Hangzhou Bank Team"]
[BlackTeam "Tianjin Team"]
[WhiteFideId "8602387"]
[BlackFideId "4120787"]
[EventDate "2018.04.11"]

1. e4 e5 2. Nf3 Nc6 3. Bb5 Nf6 4. d3 Bc5 5. O-O Nd4 6. Nxd4 Bxd4 7. c3 Bb6 8.
Na3 c6 9. Ba4 d6 10. Nc4 Bc7 11. Bc2 h6 12. f4 Be6 13. fxe5 dxe5 14. Qf3 Qd7 15.
h3 Nh7 16. Qg3 f6 17. Be3 Nf8 18. b4 h5 19. h4 Bg4 20. Qf2 Ne6 21. Bxa7 Nf4 22.
Nb6 Bxb6 23. Bxb6 Bh3 24. Qd2 Nxg2 25. Kh2 Nxh4 26. Rf2 Bg4 27. Qe3 Ng6 28. a4
O-O 29. a5 f5 30. exf5 Rxf5 31. Raf1 Raf8 32. d4 exd4 33. Bxd4 Qd6+ 34. Kh1 Rxf2
35. Rxf2 Rxf2 36. Qxf2 Nf4 37. Qe3 Qd5+ 38. Be4 Qf7 39. Kh2 Be6 40. a6 bxa6 41.
Bxc6 Qf5 42. Be4 Qg4 43. Be5 Qh4+ 44. Kg1 Nh3+ 45. Kf1 Ng5 46. Bg2 Bh3 47. Bxh3
Nxh3 48. Qd4 Qe7 49. Qc4+ Kh7 50. Qd3+ g6 51. Qd6 Qxd6 52. Bxd6 Ng5 53. c4 Ne4
54. Bf4 g5 55. Be3 Kg6 56. b5 axb5 57. cxb5 Kf5 58. b6 Nd6 1/2-1/2

[Event "TCh-CHN 2018"]
[Site "China CHN"]
[Date "2018.07.13"]
[Round "11.2"]
[Board "4"]
[White "Khotenashvili, Bela"]
[Black "Li, Ruofan"]
[Result "1-0"]
[WhiteTitle "GM"]
[BlackTitle "IM"]
[WhiteElo "2477"]
[BlackElo "2325"]
[WhiteTeam "Tianjin Team"]
[BlackTeam "Hangzhou Bank Team"]
[WhiteFideId "13602640"]
[BlackFideId "8600643"]
[EventDate "2018.04.11"]

1. c4 e6 2. Nf3 Nf6 3. g3 d5 4. Bg2 dxc4 5. Qa4+ c6 6. Qxc4 b5 7. Qb3 Bb7 8. O-O
Nbd7 9. d4 a6 10. a4 Be7 11. Rd1 O-O 12. Bg5 h6 13. Bxf6 Nxf6 14. Ne5 Nd5 15.
Nc3 b4 16. Ne4 f5 17. Nc5 Bxc5 18. dxc5 a5 19. Rd2 Qc7 20. Nc4 Ba6 21. Nd6 Kh8
22. e4 fxe4 23. Bxe4 Qa7 24. Rc1 g5 25. Qd1 Qg7 26. Qg4 Qf6 27. Re1 Bc8 28. Nxc8
Raxc8 29. Bxd5 exd5 30. Re6 Qg7 31. Rde2 Rc7 32. Rd6 Rf6 33. Ree6 Rcf7 34. Rxf6
Rxf6 35. Qc8+ Kh7 36. Qe8 Rf8 37. Qe6 Rf7 38. Rxc6 d4 39. Rd6 Qf8 40. Qe4+ Kg8
41. Qxd4 Qe7 42. Rxh6 1-0

[Event "TCh-CHN 2018"]
[Site "China CHN"]
[Date "2018.07.13"]
[Round "11.2"]
[Board "5"]
[White "Xiao, Yiyi"]
[Black "Girya, Olga"]
[Result "1/2-1/2"]
[WhiteTitle "WFM"]
[BlackTitle "WGM"]
[WhiteElo "2295"]
[BlackElo "2481"]
[WhiteTeam "Tianjin Team"]
[BlackTeam "Hangzhou Bank Team"]
[WhiteFideId "8606161"]
[BlackFideId "4195752"]
[EventDate "2018.04.11"]

1. d4 Nf6 2. c4 e6 3. g3 Bb4+ 4. Bd2 Be7 5. Bg2 d5 6. Nf3 O-O 7. O-O Nbd7 8. Qc2
c6 9. Bf4 b6 10. Rd1 Ba6 11. Ne5 Rc8 12. Nc3 Bxc4 13. Nxc4 dxc4 14. e4 b5 15. a4
a6 16. axb5 axb5 17. d5 cxd5 18. exd5 e5 19. Bg5 Bc5 20. Ra6 h6 21. Bxf6 Nxf6
22. Nxb5 Qd7 23. Rc6 e4 24. Nc3 Rxc6 25. dxc6 Qxc6 26. Nxe4 Nxe4 27. Bxe4 Qf6
28. Rd2 Rc8 29. Bd5 Bb4 30. Re2 c3 31. bxc3 1/2-1/2

[Event "TCh-CHN 2018"]
[Site "China CHN"]
[Date "2018.07.13"]
[Round "11.3"]
[Board "1"]
[White "Liu, Guanchu"]
[Black "Wan, Yunguo"]
[Result "1/2-1/2"]
[WhiteTitle "IM"]
[BlackTitle "GM"]
[WhiteElo "2432"]
[BlackElo "2529"]
[WhiteTeam "Chengdu Beilei Youth Chess Club"]
[BlackTeam "Hebei sports lottery chess team"]
[WhiteFideId "8603901"]
[BlackFideId "8603189"]
[EventDate "2018.04.11"]

1. e4 c5 2. Nc3 Nc6 3. Nf3 g6 4. d4 cxd4 5. Nxd4 Bg7 6. Be3 Nf6 7. Bc4 Qa5 8.
O-O d6 9. h3 O-O 10. Bb3 Bd7 11. Re1 Rfc8 12. Nd5 Qd8 13. c3 Na5 14. Bg5 e6 15.
Nxf6+ Bxf6 16. Bxf6 Qxf6 17. Qd3 Rd8 18. Rad1 b6 19. Nb5 Bxb5 20. Qxb5 Rac8 21.
Qa6 Qe7 22. Re2 Rc5 23. Red2 Kg7 24. Qe2 Rcc8 25. Ba4 Nc6 26. Bxc6 Rxc6 27. g3
Qg5 28. c4 Qe5 29. b3 a6 30. a4 h5 1/2-1/2

[Event "TCh-CHN 2018"]
[Site "China CHN"]
[Date "2018.07.13"]
[Round "11.3"]
[Board "2"]
[White "Vidit, Santosh Gujrathi"]
[Black "Peng, Hongchi"]
[Result "1/2-1/2"]
[WhiteTitle "GM"]
[WhiteElo "2702"]
[BlackElo "2273"]
[WhiteTeam "Chengdu Beilei Youth Chess Club"]
[BlackTeam "Hebei sports lottery chess team"]
[WhiteFideId "5029465"]
[BlackFideId "8609047"]
[EventDate "2018.04.11"]

1. d4 Nf6 2. c4 g6 3. g3 Bg7 4. Bg2 O-O 5. Nc3 d6 6. Nf3 Nbd7 7. O-O e5 8. e4
exd4 9. Nxd4 Nc5 10. h3 Re8 11. Re1 Bd7 12. Rb1 a6 13. b3 Rb8 14. b4 Ne6 15.
Nde2 h6 16. f4 b5 17. cxb5 axb5 18. Be3 Nh7 19. Qd2 h5 20. Rbd1 Bc6 21. Nd5 Ba8
22. Qc2 c6 23. Ndc3 Qc7 24. Qd3 Rbd8 25. Rd2 Nf6 26. Red1 Rd7 27. Qc2 Red8 28.
a3 Qb8 29. Qb3 Bb7 30. Bb6 Rc8 31. Be3 Rcd8 32. Kh2 Qc7 33. Qc2 d5 34. e5 Nh7
35. a4 h4 36. axb5 hxg3+ 37. Kxg3 g5 38. bxc6 gxf4+ 39. Bxf4 Bxc6 40. Qf5 Nxf4
41. Nxf4 Bxe5 42. Nxd5 Bxd5 43. Bxd5 Kh8 44. Kf3 Rg8 45. Rg2 Rxg2 46. Nxg2 f6
47. h4 Rg7 48. Nf4 Qc3+ 49. Rd3 Qc1 50. Ng6+ Rxg6 51. Qxg6 Qf1+ 52. Ke3 Qe1+ 53.
Kf3 Qf1+ 54. Ke3 Qe1+ 55. Kf3 Qf1+ 56. Ke3 Qe1+ 1/2-1/2

[Event "TCh-CHN 2018"]
[Site "China CHN"]
[Date "2018.07.13"]
[Round "11.3"]
[Board "3"]
[White "Xu, Xiangyu"]
[Black "Zhang, Ziji"]
[Result "1-0"]
[WhiteTitle "GM"]
[WhiteElo "2565"]
[BlackElo "2393"]
[WhiteTeam "Chengdu Beilei Youth Chess Club"]
[BlackTeam "Hebei sports lottery chess team"]
[WhiteFideId "8608288"]
[BlackFideId "8609470"]
[EventDate "2018.04.11"]

1. d4 d5 2. c4 e6 3. Nc3 Nf6 4. Nf3 Be7 5. g3 O-O 6. Bg2 dxc4 7. Ne5 Qd6 8. O-O
Rd8 9. Nxc4 Qa6 10. Qb3 Nc6 11. e3 Na5 12. Nxa5 Qxa5 13. Bd2 Qb6 14. Na4 Qxb3
15. axb3 Bd7 16. Bxb7 Rab8 17. Bf3 Rxb3 18. Rfc1 Bxa4 19. Rxa4 Rxb2 20. Bc3 Rb3
21. Rxa7 Ne8 22. Bc6 Bd6 23. Kg2 Kf8 24. Rc2 Rdb8 25. e4 Ra3 26. Rxa3 Bxa3 27.
Ra2 Be7 28. Ra7 g6 29. e5 h5 30. h3 Rb6 31. Ba4 Rb8 32. Bd2 Rd8 33. Be3 Bb4 34.
Kf3 Rc8 35. Bc6 Be7 36. g4 hxg4+ 37. hxg4 Rd8 38. Ke2 Rb8 39. Kd3 Rb3+ 40. Kc4
Ra3 41. Bh6+ 1-0

[Event "TCh-CHN 2018"]
[Site "China CHN"]
[Date "2018.07.13"]
[Round "11.3"]
[Board "4"]
[White "Zhai, Mo"]
[Black "Ren, Xiaoyi"]
[Result "0-1"]
[WhiteTitle "WGM"]
[WhiteElo "2352"]
[BlackElo "2256"]
[WhiteTeam "Hebei sports lottery chess team"]
[BlackTeam "Chengdu Beilei Youth Chess Club"]
[WhiteFideId "8600201"]
[BlackFideId "8608709"]
[EventDate "2018.04.11"]

1. d4 d5 2. c4 e6 3. Nc3 Be7 4. Nf3 Nf6 5. cxd5 exd5 6. Bg5 O-O 7. e3 h6 8. Bh4
Bf5 9. Bxf6 Bxf6 10. Qb3 Nc6 11. Qxd5 Qc8 12. Qb3 a5 13. a3 a4 14. Qd1 Be6 15.
Nxa4 Re8 16. Be2 Na5 17. Nc5 Bd5 18. O-O b6 19. Nd3 c5 20. Nf4 Bb3 21. Qd2 Rd8
22. Nh5 Be7 23. Qc3 Qg4 24. Ng3 Rac8 25. Ba6 Rc7 26. Nd2 Qe6 27. Nxb3 Qxb3 28.
Ne4 Qd5 29. Bd3 Rcd7 30. b4 cxd4 31. Qc2 dxe3 32. Rad1 Qb3 33. Nf6+ Bxf6 34.
Bh7+ Kh8 35. Rxd7 Rxd7 36. bxa5 exf2+ 37. Kh1 Qxc2 38. Bxc2 Rd2 39. Bb3 bxa5 40.
Bxf7 Re2 41. g3 Bc3 42. Bc4 Re4 43. Bd3 Re3 44. Bc4 Be1 45. a4 g5 46. Kg2 Kg7
47. Kh3 Kf6 48. Bb5 Re4 49. Kg2 Ke5 50. Kf3 Rb4 51. Bc6 Kd4 52. Kg4 Ke5+ 0-1

[Event "TCh-CHN 2018"]
[Site "China CHN"]
[Date "2018.07.13"]
[Round "11.3"]
[Board "5"]
[White "Yang, Yijing"]
[Black "Gunina, Valentina"]
[Result "0-1"]
[WhiteTitle "WCM"]
[BlackTitle "GM"]
[WhiteElo "2035"]
[BlackElo "2497"]
[WhiteTeam "Hebei sports lottery chess team"]
[BlackTeam "Chengdu Beilei Youth Chess Club"]
[WhiteFideId "8608601"]
[BlackFideId "4167570"]
[EventDate "2018.04.11"]

1. d4 Nf6 2. c4 e6 3. Nf3 d5 4. cxd5 exd5 5. Nc3 c6 6. Bg5 Be7 7. e3 Bf5 8. Bd3
Bxd3 9. Qxd3 Nbd7 10. O-O O-O 11. Rab1 Ne4 12. Bf4 g5 13. Be5 f6 14. Bg3 f5 15.
Be5 g4 16. Ne1 Nxe5 17. dxe5 Bc5 18. Na4 Bb4 19. a3 Bxe1 20. Rbxe1 Qa5 21. Qc2
Kh8 22. f3 gxf3 23. gxf3 Ng5 24. b4 Qa6 25. Nc5 Qxa3 26. h4 Nf7 27. Qxf5 Ng5 28.
Qd7 Nxf3+ 29. Rxf3 Rxf3 30. Ne6 Rg3+ 31. Kf2 Qxb4 32. Nd8 Qxh4 33. Nf7+ Kg8 34.
Nh6+ Qxh6 35. Kxg3 Rf8 36. Rg1 Kh8 0-1